00000000nam##2200000za#4500
0019.577074
003CaOODSP
00520210624185435
007cr |||||||||||
008150406|1991||||xxc|||||o    f|0| 0 eng|d
040 |aCaOODSP|beng
043 |an-cn---
0861 |aFs97-13/830E-PDF
1101 |aCanada. |bDepartment of Fisheries and Oceans.
24510|aSummary of fall 1989 adult and juvenile coho salmon sampling operations on the Lachmach River, British Columbia / |h[electronic resource]|cby B. Finnegan and D. Davies.
260 |aNanaimo - British Columbia : |bFisheries and Oceans Canada |c1991.
300 |a62p.|bfigs., tables
4901 |aCanadian data report of fisheries and aquatic sciences|vNo. 830
500 |aOn t.p.: Pacific Biological Station, Nanaimo, British Columbia. Catalogue number and ISSN of the print edition appear in the PDF version.
546 |a(Résumé en français)
590 |a13-19-Supp|b2013-08-14
7201 |aFinnegan, B.
7201 |aDavies, D.
830#0|aCanadian data report of fisheries and aquatic sciences ;|vNo. 830|w(CaOODSP)9.505124
85640|ahttp://publications.gc.ca|qPDF|s613 KB|uhttps://publications.gc.ca/collections/collection_2013/mpo-dfo/Fs97-13-830-eng.pdf|yNo. 830